000 00741nam a2200241Ia 4500
003 OSt
005 20220925204157.0
006 a|||||r|||| 00| 0
007 ta
008 220923b |||||||| |||| 00| 0 eng d
037 _cGeneral Book
040 _aRTL
_cRTL
_beng
041 _2eng
_aeng
082 _aX:93.594.N91<N90s, M2
110 _aINTERNATIONAL LABOUR ORGANISATION
_9130502
245 0 _aStatistics on occupational wages and hours of work and on food prices.
260 _aGeneva
_bILO
_c1992
300 _axiii,319p.
_ccm.
500 _aAppendix :297-298p.
700 _aINTERNATIONAL LABOUR ORGANISATION
_9130503
942 _hX:93.594.N91<N90s, M2
_cGB
_2CC
999 _c548707
_d548707